000 00853nam a2200301Ia 4500
003 OSt
005 20221006143347.0
006 a|||||r|||| 00| 0
007 ta
008 221006b |||||||| |||| 00| 0 eng d
020 _a0939512971
_c£13.20
020 _a9780939512973
024 _a8,764
037 _cTextual
040 _aEASL
_cEASL
_beng
041 _2eng
_aeng
082 _aW.42.N45, L4
100 _aSILBERMAN Bernard S Ed.
_9152119
245 0 _aJapan in crisis
_b Essays on taisho democracy
260 _aPrinceton
_bPrinceton University Press
_c1974
300 _a470p.
_ccm.
490 _v JEL
650 _a JEL
650 _aTaisho Democracy
700 _a HAROOTUNIAN H D Ed.
_9643502
942 _hW.42.N45, L4
_cTEXL
_2CC
999 _c1076850
_d1076850